Estadísticas para Hipocorísticos raros

Haz click aquí para intentar la prueba.

Estadísticas generales

  • Esta prueba ha sido intentada 41 veces
  • La puntuación promedio es 6 de 20

Estadísticas de respuestas

HipocorísticoNombre completo% Correcto
QuiqueEnrique
97%
LoliDolores
62%
ConchitaConcepción
51%
CurroFrancisco
51%
GoyoGregorio
49%
LoloManuel
44%
ChecoSergio
44%
ChuchoJesús
38%
LaloEduardo / Gonzalo / Ladislao
33%
CheloConsolación / Consuelo
23%
MayitoMario
21%
ChayoRosario
21%
ChepinaJosefa / Josefina
10%
ChofisSofía
10%
LichaAlicia
8%
CotéMaría José
8%
ChavaSalvador
8%
CucoRefugio
3%
ChivaSilvia
3%
LanchaEsperanza
0%

Distribución de puntuación

Porcentaje por número respondido

Porcentaje de gente con cada puntuación

Historial de tus puntuaciones

No has intentado esta prueba.